Sourcebook of ATM and IP internetworking

Gespeichert in:
Bibliographische Detailangaben
1. Verfasser: Ahmad, Khalid (Verfasst von)
Format: Buch
Sprache:Englisch
Veröffentlicht: Piscataway : Institute of Electrical and Electronics Engineers, 2002
Schlagworte:
Tags: Tag hinzufügen
Keine Tags, Fügen Sie das erste Tag hinzu!

MARC

LEADER 00000nam a22000003a 4500
001 stu78069
005 20150617225620.4
008 021121s2002----xxu-----------------eng-d
020 |a 0-471-20815-9 
040 |a STU  |b slo 
041 0 |a eng 
044 |a xxu 
080 |a 681.324 
080 |a 681.327.8 
080 |a 621.391 
084 |a B6150C  |2 INS 
084 |a B6210  |2 INS 
084 |a B6210L  |2 INS 
084 |a C5620  |2 INS 
084 |a D5020  |2 INS 
100 1 |a Ahmad, Khalid  |4 aut 
245 1 |a Sourcebook of ATM and IP internetworking 
260 |a Piscataway :  |b Institute of Electrical and Electronics Engineers,  |c 2002 
300 |a 470 s 
650 7 |a počítačové siete  |2 stusub 
650 7 |a komunikačné systémy  |2 stusub 
650 7 |a systémy prenosu dát  |2 stusub 
650 7 |a asynchrónny prenos dát  |2 stusub 
996 |b 284IK06456  |c I*5LS5440  |l II680  |s A  |a 24  |w stu78069_0001